Severed Countries Quiz Stats

Quiz Updated Nov 9, 2015

Challenge
Share
Tweet
Score 0/62 Timer 04:00
1 Play Today
% Correct
Un
96%
Zi
94.1%
De
93.7%
In
92.8%
Ve
92.8%
Et
92.6%
Vi
92.6%
Ho
92.3%
Ja
91.3%
Si
91.2%
Al
91.2%
Ne
90.7%
Po
90.3%
Ba
90.2%
Cr
90.1%
Ca
89.6%
Ni
88.3%
Ur
88.2%
Sl
88.1%
Au
87.9%
Ru
87.9%
Fi
87.8%
Sw
87.2%
An
87.1%
Bo
86.6%
Uk
86.5%
Fr
85.9%
No
85.9%
So
85.7%
Ge
85.5%
Pa
85.4%
% Correct
Ta
84.9%
Mi
84.5%
Ar
84%
My
83.7%
Do
83.6%
Eg
83.2%
Gr
82.4%
Me
82.4%
Ku
82.2%
Ir
82%
Sa
81.3%
Su
81.1%
Ch
80.4%
Ke
80%
Mo
78.9%
Bu
76.9%
Br
76.7%
Er
76.6%
Le
75%
Li
74.3%
Se
74.3%
La
73.1%
Ga
70.4%
Va
69%
Ma
68.8%
Be
68.3%
To
66.8%
Gu
65.8%
Co
65.5%
Tu
61.4%
Na
51.7%

You're not logged in!

Compare scores with friends on all Sporcle quizzes.
Sign Up with Email
OR
Log In

You Might Also Like...

Show Comments

Extras

Top Quizzes Today


Score Distribution

Your Account Isn't Verified!

In order to create a playlist on Sporcle, you need to verify the email address you used during registration. Go to your Sporcle Settings to finish the process.

Report this User

Report this user for behavior that violates our Community Guidelines.

Details: